<?xml version="1.0" encoding="UTF-8"?>
<collection xmlns="http://www.loc.gov/MARC21/slim">
    <record>
        <controlfield tag="001">63286</controlfield>
        <controlfield tag="005">20171129112116.0</controlfield>
        <datafield tag="024" ind1="8" ind2=" ">
            <subfield code="2">sideral</subfield>
            <subfield code="a">102102</subfield>
        </datafield>
        <datafield tag="037" ind1=" " ind2=" ">
            <subfield code="a">ART-2017-102102</subfield>
        </datafield>
        <datafield tag="041" ind1=" " ind2=" ">
            <subfield code="a">spa</subfield>
        </datafield>
        <datafield tag="100" ind1=" " ind2=" ">
            <subfield code="0">(orcid)0000-0002-7730-8527</subfield>
            <subfield code="a">Aguerri, Jesús C.</subfield>
        </datafield>
        <datafield tag="245" ind1=" " ind2=" ">
            <subfield code="a">Del "terrorista" al "radical": los delitos de subjetividad en el Código Penal Español</subfield>
        </datafield>
        <datafield tag="260" ind1=" " ind2=" ">
            <subfield code="c">2017</subfield>
        </datafield>
        <datafield tag="506" ind1="0" ind2=" ">
            <subfield code="a">Access copy available to the general public</subfield>
            <subfield code="f">Unrestricted</subfield>
        </datafield>
        <datafield tag="520" ind1="3" ind2=" ">
            <subfield code="a">Desde el año 2000 las sucesivas reformas del Código Penal en materia de terrorismo han ido ampliando las conductas que podían ser consideradas un delito de terrorismo. Estas reformas han permitido llevar la intervención de la justicia penal cada vez más atrás en la cadena de causalidad que, se presupone, conduce a un atentado.  Este proceso tiene su máximo exponente en lo que hemos denominado delitos de subjetividad terrorista. En estos delitos, la argumentación para juzgar unos hechos como delictivos no requiere que se demuestre una relación objetiva (física) con la violencia o con aquellos que la ejercen. Sino que se argumentan relaciones subjetivas, proximidad ideológica, entre en individuo juzgado y el terrorismo. Como planteamos en el presente capítulo, estas trasformaciones en los tipos penales relacionaos con el terrorismo responden a un giro preventivista en la lucha penal contra el terrorismo. Pasando el Derecho Penal de dirigirse contra el terrorista a dirigirse contra el radical, un individuo cuyo contacto subjetivo con el terrorismo permite que se le extienda la consideración de enemigo</subfield>
        </datafield>
        <datafield tag="540" ind1=" " ind2=" ">
            <subfield code="9">info:eu-repo/semantics/openAccess</subfield>
            <subfield code="a">by-nc-nd</subfield>
            <subfield code="u">http://creativecommons.org/licenses/by-nc-nd/3.0/es/</subfield>
        </datafield>
        <datafield tag="655" ind1=" " ind2="4">
            <subfield code="a">info:eu-repo/semantics/article</subfield>
            <subfield code="v">info:eu-repo/semantics/publishedVersion</subfield>
        </datafield>
        <datafield tag="773" ind1=" " ind2=" ">
            <subfield code="g">13 (2017), 146-166</subfield>
            <subfield code="p">Crít. penal poder</subfield>
            <subfield code="t">Crítica Penal y Poder</subfield>
            <subfield code="x">2014-3753</subfield>
        </datafield>
        <datafield tag="856" ind1="4" ind2="1">
            <subfield code="u">http://revistes.ub.edu/index.php/CriticaPenalPoder/article/view/19899</subfield>
            <subfield code="z">Texto completo de la revista</subfield>
        </datafield>
        <datafield tag="856" ind1="4" ind2=" ">
            <subfield code="s">599163</subfield>
            <subfield code="u">http://zaguan.unizar.es/record/63286/files/texto_completo.pdf</subfield>
            <subfield code="y">Versión publicada</subfield>
        </datafield>
        <datafield tag="856" ind1="4" ind2=" ">
            <subfield code="s">76505</subfield>
            <subfield code="u">http://zaguan.unizar.es/record/63286/files/texto_completo.jpg?subformat=icon</subfield>
            <subfield code="x">icon</subfield>
            <subfield code="y">Versión publicada</subfield>
        </datafield>
        <datafield tag="909" ind1="C" ind2="O">
            <subfield code="o">oai:zaguan.unizar.es:63286</subfield>
            <subfield code="p">articulos</subfield>
            <subfield code="p">driver</subfield>
        </datafield>
        <datafield tag="951" ind1=" " ind2=" ">
            <subfield code="a">2017-11-28-12:45:28</subfield>
        </datafield>
        <datafield tag="980" ind1=" " ind2=" ">
            <subfield code="a">ARTICLE</subfield>
        </datafield>
    </record>

    
</collection>